Footballeurs par lettre P - Statistiques

Statistiques générales
  • Ce quiz a été pris 203 fois
  • Le résultat moyen est 13 sur 20
Statistiques - réponses
Par images Réponse % Correct
Pavard
100%
Pepe
100%
Pique
97%
Payet
96%
Pelé
96%
Puyol
93%
Pirlo
90%
Petit
88%
Perisic
84%
Pulisic
83%
Pallois
76%
Paredes
75%
Pereira
74%
Podolski
58%
Pope
44%
Pizarro
19%
Praet
9%
Perotti
8%
Parolo
4%
Ponce
2%
Aucun quiz correspondant
Distribution des résultats
% des personnes avec chaque résultat
Percentile par nombre de réponses
Votre historique - résultats
Vous n’avez pas pris ce quiz